000 00364cam a2200157ua 4500
041 _aeng
_h
082 _a823.301
_bLON/RA
100 _aLongman, .
245 _aRama and Sita /
_cLongman.
_hTextual Documents
250 _a1 /
_b.
260 _aLondon :
_bOrient-Longman Ltd ,
_c1968.
300 _a32 ; .
504 _a
942 _cBK
999 _c7635
_d7635